[Event "Festival de Calviá 2009 - 6. Open s2300"]
[Site "Calvia ESP"]
[Date "2009.10.18"]
[Round "9.10"]
[White "Carrasco Sagredo, Manuel"]
[Black "Hutchinson, Paul A"]
[Result "1-0"]
[WhiteElo "2133"]
[BlackElo "2228"]
[PlyCount "119"]
[EventDate "2009.10.10"]
[EventType "swiss"]
[EventRounds "9"]
[EventCountry "ESP"]
[Source "lmi"]
[SourceDate "2009.10.10"]

1. e4 Nc6 2. d4 d5 3. Nc3 Nf6 4. e5 Nd7 5. e6 fxe6 6. Bf4 e5 7. dxe5 Nb6 8. Bd3
Be6 9. Nf3 Qd7 10. a3 g6 11. Qe2 Bg4 12. Bb5 Qf5 13. Qe3 Bxf3 14. Qxf3 e6 15.
Ne2 Qxc2 16. Rc1 Qxb2 17. Rxc6 O-O-O 18. O-O Qxb5 19. Nd4 Qa4 20. Rxc7+ Kxc7
21. Nxe6+ Kc8 22. Nxd8 Qd7 23. e6 Qxd8 24. Qc3+ Nc4 25. Qxh8 Bxa3 26. Qxh7 Be7
27. Qxg6 b5 28. Rd1 Kb7 29. h4 Bxh4 30. Qf7+ Kb6 31. Bh6 Be7 32. Bg7 Kc6 33.
Bd4 a5 34. f4 b4 35. f5 Nd6 36. Qg6 Ne4 37. Rc1+ Kb5 38. Qh5 a4 39. Qe2+ Ka5
40. Rc6 b3 41. Bb6+ Qxb6+ 42. Rxb6 Kxb6 43. Qb2 Bf6 44. Qa3 Nc5 45. Qb4+ Kc6
46. Kf1 d4 47. Ke2 d3+ 48. Kd1 Kd5 49. g4 b2 50. e7 Nb3 51. Qb5+ Kd6 52. e8=N+
Ke7 53. Qxd3 Nc1 54. Qe4+ Kf8 55. Nxf6 a3 56. Qb1 Nb3 57. Kc2 Nd4+ 58. Kc3 Ne2+
59. Kb3 a2 60. Qxb2 1-0

[Event "Festival de Calviá 2009 - 6. Open s2300"]
[Site "Calvia ESP"]
[Date "2009.10.18"]
[Round "9.11"]
[White "Bendayan Claros, Aaron"]
[Black "Galiana Salom, Juan Ramon"]
[Result "0-1"]
[WhiteElo "2179"]
[BlackElo "2216"]
[PlyCount "58"]
[EventDate "2009.10.10"]
[EventType "swiss"]
[EventRounds "9"]
[EventCountry "ESP"]
[Source "lmi"]
[SourceDate "2009.10.10"]

1. d4 Nf6 2. c4 c5 3. d5 b5 4. cxb5 a6 5. bxa6 d6 6. Nc3 Bxa6 7. f4 g6 8. Nf3
Bg7 9. e4 Bxf1 10. Rxf1 O-O 11. Qe2 Nbd7 12. e5 dxe5 13. fxe5 Ng4 14. Bf4 Qb8
15. O-O-O Ngxe5 16. Nxe5 Bxe5 17. Bxe5 Nxe5 18. Rfe1 f6 19. g4 c4 20. h3 Qb4
21. Rd4 Rfb8 22. Red1 Qd6 23. R1d2 Rb4 24. g5 Qb6 25. gxf6 exf6 26. d6 Rxb2 27.
d7 Rd8 28. Rd6 Qb4 29. Ne4 Rb1+ 0-1

[Event "Festival de Calviá 2009 - 6. Open s2300"]
[Site "Calvia ESP"]
[Date "2009.10.18"]
[Round "9.13"]
[White "Frick, Christoph"]
[Black "Montero Campuzano, Rafael"]
[Result "1-0"]
[WhiteElo "2255"]
[BlackElo "2066"]
[PlyCount "53"]
[EventDate "2009.10.10"]
[EventType "swiss"]
[EventRounds "9"]
[EventCountry "ESP"]
[Source "lmi"]
[SourceDate "2009.10.10"]

1. Nc3 c5 2. e4 Nc6 3. g3 g6 4. Bg2 Bg7 5. d3 e6 6. Nh3 Nge7 7. O-O O-O 8. Be3
Nd4 9. Qd2 d6 10. Bh6 Bd7 11. Nd1 Bc6 12. c3 Nb5 13. Bxg7 Kxg7 14. f4 f5 15.
Qf2 Nc7 16. Ne3 b5 17. Rad1 Rb8 18. Rfe1 Qc8 19. g4 Ne8 20. Qh4 Nf6 21. Ng5 h6
22. exf5 hxg5 23. fxg5 Nxg4 24. f6+ Nxf6 25. gxf6+ Rxf6 26. Ng4 Rf5 27. Qxe7+
1-0

[Event "Festival de Calviá 2009 - 6. Open s2300"]
[Site "Calvia ESP"]
[Date "2009.10.18"]
[Round "9.14"]
[White "Ask, Josef"]
[Black "Haga, Halvor"]
[Result "1-0"]
[WhiteElo "2181"]
[BlackElo "1986"]
[PlyCount "115"]
[EventDate "2009.10.10"]
[EventType "swiss"]
[EventRounds "9"]
[EventCountry "ESP"]
[Source "lmi"]
[SourceDate "2009.10.10"]

1. c4 g6 2. Nc3 Bg7 3. Nf3 d6 4. d4 Nd7 5. e4 e5 6. Be2 Ngf6 7. O-O O-O 8. Qc2
Re8 9. Rd1 c6 10. d5 c5 11. a3 h6 12. b4 a6 13. Rb1 Rb8 14. g3 Qc7 15. Bd3 b6
16. Nh4 Nh5 17. Ng2 Ndf6 18. f3 Rf8 19. Be3 Nh7 20. Qd2 g5 21. Rdc1 N5f6 22.
Be2 Nd7 23. Qc2 Re8 24. Bf2 Nhf8 25. Ne3 Nf6 26. Rb2 Bd7 27. Rcb1 Ng6 28. Rb3
a5 29. bxa5 bxa5 30. Qb2 Rxb3 31. Qxb3 Rc8 32. Qb6 Bf8 33. Bd1 Be7 34. Ba4 Bd8
35. Qxc7 Rxc7 36. Bxd7 Rxd7 37. Nf5 Kh7 38. Rb8 g4 39. Kg2 gxf3+ 40. Kxf3 Ne7
41. Rxd8 Rxd8 42. Nxe7 Nd7 43. Ke2 Rb8 44. Nb5 Nf6 45. Kd3 Rd8 46. Nc6 Rd7 47.
Nxa5 Kg6 48. Nc6 Ng4 49. Bg1 f5 50. a4 fxe4+ 51. Kxe4 Nf6+ 52. Kd3 Kf5 53. a5
e4+ 54. Ke2 Ne8 55. a6 Nc7 56. Nxc7 Rxc7 57. a7 Rc8 58. Ne7+ 1-0

[Event "Festival de Calviá 2009 - 6. Open s2300"]
[Site "Calvia ESP"]
[Date "2009.10.18"]
[Round "9.15"]
[White "Anibal, Joaquim"]
[Black "Mercant Simo, Jaime"]
[Result "0-1"]
[WhiteElo "2156"]
[BlackElo "2056"]
[PlyCount "96"]
[EventDate "2009.10.10"]
[EventType "swiss"]
[EventRounds "9"]
[EventCountry "ESP"]
[Source "lmi"]
[SourceDate "2009.10.10"]

1. e4 e6 2. d4 d5 3. Nc3 Bb4 4. e5 c5 5. a3 Bxc3+ 6. bxc3 Ne7 7. Nf3 Bd7 8. Bd3
c4 9. Be2 Ba4 10. O-O Nbc6 11. Ng5 h6 12. Nh3 Qa5 13. Bd2 O-O-O 14. f4 Kb8 15.
g4 f6 16. Qc1 Ka8 17. Bf3 fxe5 18. fxe5 g5 19. Bg2 Rdf8 20. Rf6 Rxf6 21. exf6
Ng6 22. Qe1 Nd8 23. Qf2 Rf8 24. Rf1 Nf7 25. Qe3 Qb6 26. Re1 Re8 27. Bxd5 exd5
28. Qxe8+ Bxe8 29. Rxe8+ Nd8 30. f7 Qf6 31. Rg8 a5 32. Rxg6 Qxf7 33. Rxh6 Ne6
34. Nxg5 Nxg5 35. Bxg5 Qf3 36. h3 Qd1+ 37. Kg2 Qxc2+ 38. Kf3 Qxc3+ 39. Be3 Qxa3
40. g5 a4 41. Rh8+ Ka7 42. h4 Qe7 43. Bf4 a3 44. Bb8+ Ka6 45. Be5 c3 46. Ke2
Qb4 47. g6 Qc4+ 48. Kf3 Qd3+ 0-1

[Event "Festival de Calviá 2009 - 6. Open s2300"]
[Site "Calvia ESP"]
[Date "2009.10.18"]
[Round "9.16"]
[White "Nicolas Zapata, Irene"]
[Black "Munar Rossello, Pedro"]
[Result "0-1"]
[WhiteElo "1848"]
[BlackElo "2144"]
[PlyCount "36"]
[EventDate "2009.10.10"]
[EventType "swiss"]
[EventRounds "9"]
[EventCountry "ESP"]
[Source "lmi"]
[SourceDate "2009.10.10"]

1. c4 Nf6 2. g3 e5 3. Bg2 c6 4. d4 e4 5. Nc3 d5 6. cxd5 cxd5 7. f3 Bb4 8. Bd2
Nc6 9. a3 Ba5 10. fxe4 Bxc3 11. Bxc3 dxe4 12. d5 Nxd5 13. Bxe4 Nxc3 14. Bxc6+
bxc6 15. Qxd8+ Kxd8 16. bxc3 Re8 17. Rb1 Bf5 18. Rb2 Be4 0-1

[Event "Festival de Calviá 2009 - 6. Open s2300"]
[Site "Calvia ESP"]
[Date "2009.10.18"]
[Round "9.18"]
[White "Burton, Graham P"]
[Black "Karlsson, Jorgen"]
[Result "0-1"]
[WhiteElo "2042"]
[BlackElo "2160"]
[PlyCount "50"]
[EventDate "2009.10.10"]
[EventType "swiss"]
[EventRounds "9"]
[EventCountry "ESP"]
[Source "lmi"]
[SourceDate "2009.10.10"]

1. e4 g6 2. d4 Bg7 3. Nf3 d6 4. Be2 c5 5. d5 Nf6 6. Nc3 a6 7. a4 b6 8. O-O Nbd7
9. Re1 O-O 10. h3 Ne8 11. Bf4 Nc7 12. Bf1 h6 13. Qd2 g5 14. Bg3 Bb7 15. Rad1 f6
16. Bc4 Qe8 17. h4 b5 18. axb5 Nb6 19. Bf1 axb5 20. hxg5 hxg5 21. e5 dxe5 22.
Ne4 Bxd5 23. Nxc5 Qc6 24. Ra1 Bxf3 25. gxf3 Nbd5 0-1

[Event "Festival de Calviá 2009 - 6. Open s2300"]
[Site "Calvia ESP"]
[Date "2009.10.18"]
[Round "9.20"]
[White "Castell Cantero, Salvador"]
[Black "Walton, Alan J"]
[Result "0-1"]
[WhiteElo "1977"]
[BlackElo "2147"]
[PlyCount "66"]
[EventDate "2009.10.10"]
[EventType "swiss"]
[EventRounds "9"]
[EventCountry "ESP"]
[Source "lmi"]
[SourceDate "2009.10.10"]

1. d4 d5 2. c4 c6 3. e3 Nf6 4. Nc3 a6 5. Nf3 Bg4 6. Qb3 Ra7 7. Ne5 Bh5 8. cxd5
cxd5 9. Qa4+ Nbd7 10. f3 e6 11. g4 Bg6 12. g5 Nh5 13. Bb5 axb5 14. Qxa7 Nxe5
15. dxe5 Be7 16. Nxb5 O-O 17. f4 f6 18. exf6 gxf6 19. Nd4 Ng7 20. Qxb7 Qd6 21.
Nc6 Bd8 22. Bd2 d4 23. Nxd4 Rf7 24. Qc6 Qb8 25. Bc3 e5 26. Ne6 Qa7 27. Bd2 Nxe6
28. Qxe6 Ba5 29. Qc8+ Kg7 30. gxf6+ Rxf6 31. Qh3 Bxd2+ 32. Kxd2 exf4 33. Ke2
Qa6+ 0-1

[Event "Festival de Calviá 2009 - 6. Open s2300"]
[Site "Calvia ESP"]
[Date "2009.10.18"]
[Round "9.21"]
[White "Elenius, Erik"]
[Black "Salido Polo, Veronica"]
[Result "1/2-1/2"]
[WhiteElo "2121"]
[BlackElo "1964"]
[PlyCount "63"]
[EventDate "2009.10.10"]
[EventType "swiss"]
[EventRounds "9"]
[EventCountry "ESP"]
[Source "lmi"]
[SourceDate "2009.10.10"]

1. e4 c5 2. d4 cxd4 3. c3 dxc3 4. Nxc3 Nc6 5. Nf3 g6 6. Bc4 Bg7 7. O-O d6 8.
Qe2 Nf6 9. Rd1 Bg4 10. h3 Bxf3 11. Qxf3 O-O 12. Qe2 Nd7 13. Be3 Nb6 14. Bd3 Ne5
15. Bb1 Qc7 16. Bd4 Qc4 17. Qe3 Qc6 18. b3 Rfc8 19. Ne2 f6 20. f4 Nf7 21. Bd3
e5 22. Bb2 Qc5 23. Qxc5 dxc5 24. Rac1 exf4 25. Nxf4 Ne5 26. Be2 Bh6 27. g3 Bg7
28. Kf2 c4 29. Nd5 Nxd5 30. Rxd5 Nd3+ 31. Bxd3 cxd3 32. Rxd3 1/2-1/2